Countries of the World by First Letter of Country and Capital - Statistics

General Stats
  • This quiz has been taken 15 times
  • The average score is 118 of 196
Answer Stats
Picture Answer % Correct
JK
93%
NP
86%
AA
79%
BB
79%
BB
79%
CB
79%
CP
79%
EC
79%
GB
79%
IB
79%
LL
79%
NA
79%
PI
79%
AA
71%
AC
71%
BD
71%
CB
71%
CH
71%
CP
71%
EA
71%
FH
71%
FP
71%
IJ
71%
IN
71%
IT
71%
MU
71%
PL
71%
PW
71%
RM
71%
SB
71%
SD
71%
SR
71%
SS
71%
SS
71%
SS
71%
TA
71%
TB
71%
UK
71%
UL
71%
VV
71%
AB
64%
AL
64%
BB
64%
BN
64%
BO
64%
BS
64%
BS | BL
64%
CN
64%
CN
64%
CO
64%
CS
64%
CS
64%
CZ
64%
DC
64%
DD
64%
DK
64%
DR
64%
DS
64%
EQ
64%
ET
64%
GA
64%
GG
64%
GS
64%
GT
64%
IJ
64%
IR
64%
IR
64%
JT
64%
KN
64%
LB
64%
LR
64%
LT
64%
LV
64%
MA
64%
MC
64%
MK
64%
MM
64%
MM
64%
MR
64%
NA
64%
NW
64%
PL
64%
PM
64%
PP
64%
QD
64%
RB
64%
RB
64%
RK
64%
SB
64%
SB | SC | SP
64%
SC
64%
SK
64%
SM
64%
SS
64%
SS
64%
TP
64%
TT
64%
UK
64%
UW
64%
VH
64%
YS
64%
AB
57%
AK
57%
AS
57%
AT
57%
AV
57%
BB
57%
BG
57%
BM
57%
BM
57%
BS
57%
CP
57%
CY
57%
ED
57%
ES
57%
GA
57%
GB
57%
GG
57%
HB
57%
HP
57%
HT
57%
ID
57%
IY
57%
JA
57%
KA
57%
KK
57%
KP
57%
LV
57%
MN
57%
MP
57%
MP
57%
MV
57%
NO
57%
NS
57%
PA
57%
PP
57%
SB
57%
SD
57%
SL
57%
SM
57%
SP
57%
SS
57%
TF
57%
TL
57%
TT
57%
UM
57%
VC
57%
ZH
57%
BB
50%
BG
50%
CB
50%
FP
50%
FS
50%
GC
50%
GL
50%
KB
50%
KS
50%
LM
50%
LM
50%
LV
50%
MB
50%
ML
50%
MM
50%
MM
50%
MN
50%
NM
50%
NN
50%
NW
50%
OM
50%
SB
50%
SF
50%
SH
50%
SK
50%
TD
50%
TD
50%
UT
50%
ZL
50%
BT
43%
CM
43%
EM
43%
GB
43%
MM
43%
NK
43%
NY
43%
PN
43%
SA
43%
SJ
43%
SV
43%
TA
43%
TN
43%
UA
43%
VP
43%
AY
36%
BP | BC
36%
EA
36%
EC
36%
No matching quizzes found
Score Distribution
Percent of People with Each Score
Percentile by Number Answered
Your Score History
You have not taken this quiz